000
00285nam a2200109Ia 4500
008
190216s9999||||xx |||||||||||||| ||und||
100
_a
Chaudhuri Bk
245
0
_a
Finance Of Foreign Trade And Foreign Exchange
260
_b
Himalaya Publishing House
_c
1999
300
_a
496p
942
_c
BK
999
_c
6167
_d
6167